00823nam a2200229Ia 4500003000400000005001700004008004100021020002200062040000700084041000800091082002200099100002200121245007700143260005000220300001800270365001400288650003700302906007500339942001200414999001900426952014800445OSt20230626145418.0210423s9999 xx 000 0 und d a978-81-7833-132-4 cAL aeng a633.83 223bPANH aPANDA (H)9114490 aHandbook on spices and condimentsbcultivation processing and extraction aNew DelhibAsian/Pacific Business Pressc2015 axxiii,616bPB b1675cINR aField & Plantation Crops9114491 acondiments ; cultivation ; extraction ; Handbook ; processing ; spices 2ddccBK c167488d167488 001040708FSTaSACPGbSACPGd2015-12-23eIntact Bookhouseg1675.00l1o633.83 PANHpPG013989r2024-05-13 00:00:00s2023-11-21w2021-04-26yBK